| 000 | 00674nam a2200193Ia 4500 | ||
|---|---|---|---|
| 008 | 140321s9999 xx 000 0 und d | ||
| 020 | _a9781605477374 | ||
| 050 |
_aRT 48 _b.N89 2009 |
||
| 245 |
_aNursing know-how : _bevaluating signs & symptoms / |
||
| 260 |
_aPhiladelphia : _bWolters Kluwer Health/Lippincott Williams & Wilkins, _cc2009. |
||
| 300 |
_a442 p. : _bill. ; _c24 cm. |
||
| 500 | _aIncludes bibliographical references and index. | ||
| 521 | _aNUR | ||
| 650 |
_aNursing assessment _xHandbooks, manuals, etc. |
||
| 650 |
_aNursing diagnosis _xHandbooks, manuals, etc. |
||
| 650 |
_aSymptoms _xHandbooks, manuals, etc. |
||
| 942 |
_kFOR _cBK |
||
| 999 |
_c48287 _d48287 |
||